000
00274nam a2200121Ia 4500
008
241002s9999 xx 000 0 und d
082
_a
709.02 WIL
100
_a
Willem, H. Vanloon
245
4
_a
The Art of Mankind
260
_a
London:
_c
1963
600
_a
Art
942
_c
UC
999
_c
18457
_d
18457